LEADER 01174nam a2200301 i 4500 001 000000223304 003 CaOOAMICUS 005 20131008000000.0 008 131008s2009 it u000 u ita u 013 $a202201 020 $a978-88-425-4431-9 040 $aSeMil$bita 100 1 $aDe Nicolais, Mario.$0(OLS)http://semarc/name/77902 245 13$aLe viscere della cittą :$bstoria di un barbone emerito /$cMario De Nicolais. 260 $aMilano :$bMursia,$c2009. 300 $a147 p. ;$c21 cm. 490 0 $aMemoirs 500 $aFondo card. C. M. Martini. 650 4$aDisagio.$0(OLS)http://semarc/subject/16213 650 4$aSenzatetto - Italia.$0(OLS)http://semarc/subject/23381 830 0$aMemoirs.$0(OLS)http://semarc/title/35980 850 $aSeMil 852 $aSeMil$W1$xVenegono$y1$m3V IV 94$j173650$B173650$CSeMilBibl$Z2$F185479 $81 941 1 $a4 961 $aLascito: Martini Card. Carlo Maria 996 $6020$a978-88-425-4431-9$9(OLS)http://semarc/number/223220 996 $6245$aLe viscere della cittą :$bstoria di un barbone emerito$9(OLS)http://semarc/title/320220 996 $6260$aMilano :$bMursia$9(OLS)http://semarc/publisher/30230 LEADER 00926nas a2200241 i 4500 001 000000178990 003 CaOOAMICUS 005 20190401132631.0 008 090420b2008 it uu u0 0mul r 013 $a156565 040 $aSeMil$bita 245 10$a2008 : [3]. 260 $aPisa ;$aRoma :$bFabrizio Serra,$c2008 (copyr. 2009) 300 $aP. [503]-763 ;$c25 cm. 500 $aContiene : Indici Generali dei Volumi 11.-20. (1999-2008). 773 0 $tIus Ecclesiae.$dRoma : Centro Accademico della Santa Croce, 1989.$x1120-6462$w()2385 774 0 $t[vedi periodico].$w()270890 850 $aSeMil 852 $aSeMil$W1$xVenegono$y1$m245 3 50$j129756$B129756$CSeMilBibl$Z2$F141630 $85 961 $aAbbonamento: Accademia Editoriale 996 $6245$a2008 : [3]$9(OLS)http://semarc/title/256375 996 $6260$aPisa ;$aRoma :$bFabrizio Serra$9(OLS)http://semarc/publisher/34314